IFM Opac

Trustworthy systems through quantitative software engineering (Record no. 7522)

MARC details
000 -LEADER
fixed length control field 00517nam a2200157Ia 4500
020 ## - INTERNATIONAL STANDARD BOOK NUMBER
International Standard Book Number 0 471 69691 9
082 ## - DEWEY DECIMAL CLASSIFICATION NUMBER
Classification number 005.1 BER
100 ## - MAIN ENTRY--PERSONAL NAME
Personal name Bernstein, Lawrence
9 (RLIN) 1771
245 ## - TITLE STATEMENT
Title Trustworthy systems through quantitative software engineering
260 ## - PUBLICATION, DISTRIBUTION, ETC.
Place of publication, distribution, etc. Horboken, NJ:
Name of publisher, distributor, etc. John Wiley and Sons
Date of publication, distribution, etc. 2005
300 ## - PHYSICAL DESCRIPTION
Extent xxv, 437 p. :
Other physical details ill. ; 25
500 ## - GENERAL NOTE
General note Includes bibliographical references and index
650 ## - SUBJECT ADDED ENTRY--TOPICAL TERM
Topical term or geographic name entry element Software engineeringComputer software - reliability
9 (RLIN) 1772
700 ## - ADDED ENTRY--PERSONAL NAME
Personal name Yuhas, C.M.
9 (RLIN) 1773
942 ## - ADDED ENTRY ELEMENTS (KOHA)
Koha item type Books
Holdings
Withdrawn status Lost status Source of classification or shelving scheme Damaged status Not for loan Home library Current library Shelving location Date acquired Total Checkouts Full call number Barcode Date last seen Price effective from Koha item type
    Dewey Decimal Classification   Not For Loan IFM Main Campus Library IFM Main Campus Library Special Reserve Collection 02/06/2016   005.1 BER 0000013798 02/06/2016 02/06/2016 Books